|
|
|
|
| LEADER |
01359ppm a22002778a 4500 |
| 001 |
00046190 |
| 005 |
20201222081217.0 |
| 008 |
170628s2017 ||||||viesd |
| 041 |
0 |
# |
|a vie
|
| 082 |
1 |
4 |
|b PH110TR
|a 372.7
|
| 100 |
1 |
# |
|a Lê, Trường Bích Trâm
|
| 245 |
0 |
0 |
|b Luận văn thạc sĩ khoa học giáo dục. Chuyên ngành: Giáo dục học (Giáo dục Tiểu học). Mã số: 8.14.01.01
|c Lê Trường Bích Trâm; Đỗ Văn Hùng (hướng dẫn)
|a Phát triển năng lực tư duy và lập luận toán học cho học sinh lớp 5 thông qua dạy học "số thập phân - các phép tính với số thập phân"
|
| 260 |
# |
# |
|a Đồng Tháp
|b Đại học Đồng Tháp
|c 2020
|
| 300 |
# |
# |
|a viii,93 tr. +phụ lục
|c 30 cm
|e 1 bản tóm tắt
|
| 500 |
# |
# |
|a ĐTTS ghi: Bộ giáo dục và đào tạo. Trường Đại học Đồng Tháp
|
| 653 |
# |
# |
|a An Giang
|
| 653 |
# |
# |
|a Luận văn
|
| 653 |
# |
# |
|a Toán học
|
| 653 |
# |
# |
|a Tiểu học
|
| 653 |
# |
# |
|a Lớp 5
|
| 653 |
# |
# |
|a Quản lý giáo dục
|
| 653 |
# |
# |
|a Số thập phân
|
| 700 |
1 |
# |
|a Đỗ, Văn Hùng
|e Hướng dẫn
|
| 852 |
# |
# |
|j LV.0002704
|
| 910 |
# |
# |
|d 22/12/2020
|
| 980 |
# |
# |
|a Trung tâm Học liệu Lê Vũ Hùng, Trường Đại học Đồng Tháp
|